|
|
|
|
| LEADER |
00000cam a2200000 7i4500 |
| 001 |
0000014010 |
| 005 |
20071110.0 |
| 022 |
0 |
|
|a 0126-9178
|
| 040 |
|
|
|a INS
|
| 090 |
0 |
0 |
|a HD890.6.A2
|b M35 1979
|
| 110 |
1 |
|
|a Malaysia
|c Kementerian Kewangan
|
| 245 |
1 |
0 |
|a Laporan Pasaran Harta 1979 :
|b Property Market Report 1979
|c Bahagian Penilaian
|
| 260 |
|
|
|a Kuala lumpur :
|b Ministry of Finance ,
|c 1979
|
| 300 |
|
|
|a 141p. :
|b ill. ;
|c 30cm.
|
| 650 |
0 |
0 |
|a Real estate business
|z Malaysia
|v Periodicals
|
| 650 |
0 |
0 |
|a Real property
|x Periodicals
|
| 710 |
1 |
|
|a Bahagian Penilaian ,
|c Kementerian Kewangan Malaysia
|
| 740 |
0 |
|
|a Property Market Report 1979
|
| 856 |
|
|
|u http://app.inspen.gov.my:7779/pls/portal/docs/PAGE/CORPORATEPAGES/PORTAL_INSPEN/LAPORAN_PASARAN_HARTA/V.PDF
|
| 999 |
|
|
|a 0000001806
|b BOOK
|c Red Spot
|e Default branch
|
| 999 |
|
|
|a 0000001807
|b BOOK
|c Red Spot
|e Default branch
|
| 999 |
|
|
|a 0000001808
|b BOOK
|c Red Spot
|e Default branch
|
| 999 |
|
|
|a 0000001809
|b BOOK
|c Red Spot
|e Default branch
|
| 999 |
|
|
|a 0000001811
|b BOOK
|c Annual Reports
|e Default branch
|
| 999 |
|
|
|a 0000001812
|b BOOK
|c Red Spot
|e Default branch
|
| 999 |
|
|
|a 0000001813
|b BOOK
|c Red Spot
|e Default branch
|
| 999 |
|
|
|a 0000001814
|b BOOK
|c Red Spot
|e Default branch
|
| 999 |
|
|
|a 0000014596
|b BOOK
|c Red Spot
|e Default branch
|
| 999 |
|
|
|a 0000019463
|b BOOK
|c Red Spot
|e Default branch
|